Những người khốn khổ Tiểu thuyết Tập 3

Guardado en:
Detalles Bibliográficos
Autor principal: Vichto Huygô
Otros Autores: Huỳnh Lý, Vũ Đình Liên (Dịch), Đỗ Đức Hiểu (Dịch), Lê Trí Viễn (Dịch)
Formato: Libro
Lenguaje:Vietnamese
Publicado: H. Văn học 1987
Edición:In lần thứ 5
Colección:Văn học cổ điển nước ngoài. Văn học Pháp
Materias:
Etiquetas: Agregar Etiqueta
Sin Etiquetas, Sea el primero en etiquetar este registro!
Thư viện lưu trữ: Mạng thư viện Đại học Đà Nẵng
LEADER 01405nam a2200421 4500
001 000004463
003 602
005 20120412100407.0
008 110720s1987 viesd
020 |c 10.000đ 
041 0 |a vie 
082 |a 843  |b HU-V 
100 0 |a Vichto Huygô 
245 1 0 |a Những người khốn khổ  |b Tiểu thuyết  |c Vichto Huygô; Người dịch: Huỳnh Lý, ...  |n Tập 3 
250 |a In lần thứ 5 
260 |a H.  |b Văn học  |c 1987 
300 |a 531 tr  |c 19cm 
490 |a Văn học cổ điển nước ngoài. Văn học Pháp 
653 |a Văn học hiện đại 
653 |a Tiểu thuyết 
653 |a Pháp 
700 |a Huỳnh Lý 
700 |a Vũ Đình Liên 
700 |a Đỗ Đức Hiểu  |e Dịch 
700 |a Vũ Đình Liên  |e Dịch 
700 |a Lê Trí Viễn  |e Dịch 
773 |t Những người khốn khổ  |w 597 
910 |a Huỳnh Thị Cẩm Lai  |d 20/07/2011 
OWN |a LSP 
AVA |a UDN50  |b LSP  |d 843 HU-V  |e available  |t Error 5001 Not defined in file expand_doc_bib_avail.  |f 2  |g 0  |h N  |i 0  |k 1 
999 |a From the UDN01 
AVA |a UDN50  |b LSP  |d 843 HU-V  |e available  |t Error 5001 Not defined in file expand_doc_bib_avail.  |f 2  |g 0  |h N  |i 0  |k 1 
TYP |a Monograph 
TYP |a Printed language 
980 |a Mạng thư viện Đại học Đà Nẵng